Capitales des régions du Portugal - Quiz - Statistiques

Statistiques générales
  • Ce quiz a été pris 109 fois
  • Le résultat moyen est 5 sur 9
Réponses sur la Carte
Les réponses sont colorées sur une échelle allant du rouge au vert en fonction du pourcentage des utilisateurs qui les ont devinées à leur premier essai. Vous pouvez retrouver ces pourcentages ci-dessous.
 
Statistiques - réponses
Région Capitale % Correct
Grand Lisbonne Lisbonne
100%
Nord Porto
91%
Algarve Faro
78%
Centre Coimbra
72%
Madère Funchal
53%
Péninsule de Setúbal Setúbal
38%
Alentejo Évora
28%
Ouest et vallée du Tage Santarém
22%
Açores Ponta Delgada
19%
Aucun quiz correspondant
Distribution des résultats
% des personnes avec chaque résultat
Percentile par nombre de réponses
Votre historique - résultats
Vous n’avez pas pris ce quiz